000 01386nam a22003615i 4500
001 ELB265052
003 FINmELB
005 20250326043926.0
006 m o d |
007 cr cnu||||||||
008 240517s2020 ec 000 0 spa d
020 _z978-9942-06-485-1
035 _a(OCoLC)1435563068
040 _aFINmELB
_bspa
_erda
_cFINmELB
050 0 0 _aK1315
_b.A745 2020
080 _a347.7
082 0 4 _a346.066
_223
100 1 _aArellano Montero, Mónica,
_eautor.
245 1 0 _aManual de práctica notarial y derecho societario /
_cMónica Arellano Montero, Pedro Montalvo Ordóñez.
250 _aPrimera edición.
264 1 _aQuito, Ecuador :
_bCorporación de Estudios y Publicaciones,
_c2020.
300 _a1 recurso en línea
336 _atexto
_btxt
_2rdacontent/spa
337 _acomputadora
_bc
_2rdamedia/spa
338 _arecurso en línea
_bcr
_2rdacarrier/spa
588 _aDescripción basada en metadatos suministrados por el editor y otras fuentes.
590 _aRecurso electrónico. Santa Fe, Arg.: elibro, 2024. Disponible vía World Wide Web. El acceso puede estar limitado para las bibliotecas afiliadas a elibro.
650 4 _aDerecho de sociedades.
655 4 _aLibros electrónicos.
700 1 _aMontalvo Ordóñez, Pedro,
_eautor.
797 2 _aelibro, Corp.
856 4 0 _uhttps://elibro.net/ereader/usam/265052
999 _c155301
_d155301